[Event "34th Rilton Cup"]
[Site "Stockholm SWE"]
[Date "2005.01.02"]
[Round "6.4"]
[White "Nybaeck, Tomi"]
[Black "Aagaard, Jacob"]
[Result "1/2-1/2"]
[WhiteElo "2554"]
[BlackElo "2431"]
[EventDate "2004.12.27"]
[PlyCount "56"]

1.d4 d5 2.c4 c6 3.Nf3 Nf6 4.Nc3 dxc4 5.a4 Bf5 6.e3 e6 7.Bxc4 Bb4 8.O-O O-O
9.Nh4 Nbd7 10.Nxf5 exf5 11.Qc2 Nb6 12.Bb3 Qd7 13.a5 Nbd5 14.f3 Rfe8 15.
Nxd5 Nxd5 16.e4 Nf6 17.Be3 Kh8 18.a6 fxe4 19.axb7 Qxb7 20.fxe4 Ng4 21.Rxf7
Qb6 22.Qe2 Rxe4 23.Bc2 Nxe3 24.Bxe4 Qxd4 25.Qd3 Qxd3 26.Bxd3 Bc5 27.Kh1 
Ng4 28.Rc1 Nf2+ 1/2-1/2

[Event "34th Rilton Cup"]
[Site "Stockholm SWE"]
[Date "2005.01.02"]
[Round "6.6"]
[White "Hermansson, Emil"]
[Black "Aakesson, Ralf"]
[Result "1-0"]
[WhiteElo "2414"]
[BlackElo "2472"]
[EventDate "2004.12.27"]
[PlyCount "81"]

1.e4 c5 2.Nf3 Nc6 3.d4 cxd4 4.Nxd4 e5 5.Nb5 d6 6.N1c3 a6 7.Na3 b5 8.Nd5 
Nf6 9.Bg5 Be7 10.Bxf6 Bxf6 11.c3 O-O 12.Nc2 Bg5 13.a4 bxa4 14.Rxa4 a5 15.
Bc4 Rb8 16.b3 Kh8 17.O-O f5 18.exf5 Bxf5 19.Nce3 Be6 20.Qd3 Bxe3 21.Nxe3 
Bxc4 22.bxc4 Qc7 23.Rd1 Rfd8 24.Ra2 g6 25.h4 Rb3 26.Nd5 Qf7 27.Qc2 Rb7 28.
Qa4 Rc8 29.Rad2 e4 30.Ne3 Ne5 31.Qxa5 Nxc4 32.Nxc4 Qxc4 33.Rxd6 Qxc3 34.
Qd5 Re7 35.Rd8+ Re8 36.Rd7 e3 37.Qf7 exf2+ 38.Kh2 Qe5+ 39.g3 f1=N+ 40.Rxf1
Rc2+ 41.Kh3 1-0

[Event "34th Rilton Cup"]
[Site "Stockholm SWE"]
[Date "2005.01.02"]
[Round "6.7"]
[White "Ong, Kezli"]
[Black "Berg, Emanuel"]
[Result "0-1"]
[WhiteElo "2325"]
[BlackElo "2529"]
[EventDate "2004.12.27"]
[PlyCount "122"]

1.e4 e6 2.d4 d5 3.exd5 exd5 4.Nf3 Bd6 5.Bd3 Nc6 6.c3 Nge7 7.O-O Bg4 8.Re1 
Qd7 9.Nbd2 O-O-O 10.b4 Ng6 11.Nb3 Rde8 12.Be3 Nh4 13.Be2 Nf5 14.Bd2 Rxe2 
15.Qxe2 Nh4 16.b5 Nb4 17.Ne5 Bxe2 18.Nxd7 Nc2 19.Rxe2 Nxa1 20.Ndc5 Nxb3 
21.axb3 Nf5 22.h3 b6 23.Nd3 Kd7 24.Ne5+ Bxe5 25.Rxe5 Ne7 26.Kf1 a6 27.bxa6
Ra8 28.c4 dxc4 29.bxc4 Rxa6 30.Ke2 f6 31.Rh5 h6 32.Kd3 Ra3+ 33.Bc3 Ra2 34.
Bd2 Ra3+ 35.Bc3 Ra2 36.Bd2 c6 37.g4 Ra3+ 38.Ke4 Ra4 39.Kd3 Ra3+ 40.Ke4 Ra4
41.Kd3 Ke6 42.h4 Ra3+ 43.Ke4 Rb3 44.Bf4 Kf7 45.d5 cxd5+ 46.cxd5 f5+ 47.
gxf5 Ng8 48.Be5 Nf6+ 49.Bxf6 Kxf6 50.d6 Rb2 51.f4 Rd2 52.Rg5 hxg5 53.fxg5+
Kf7 54.Ke5 Re2+ 55.Kf4 b5 56.h5 b4 57.h6 gxh6 58.gxh6 Re8 59.Kg5 b3 60.h7 
b2 61.d7 Rd8 0-1

[Event "34th Rilton Cup"]
[Site "Stockholm SWE"]
[Date "2005.01.02"]
[Round "6.8"]
[White "Kuemin, Simon"]
[Black "Gleizerov, Evgeny"]
[Result "0-1"]
[WhiteElo "2392"]
[BlackElo "2539"]
[EventDate "2004.12.27"]
[PlyCount "68"]

1.e4 e6 2.d4 d5 3.Nc3 Nf6 4.e5 Nfd7 5.f4 c5 6.Nf3 a6 7.Be3 Qb6 8.a3 Nc6 9.
dxc5 Bxc5 10.Na4 Qa5+ 11.b4 Qxa4 12.bxc5 f6 13.exf6 Nxf6 14.Bd3 O-O 15.O-O
Bd7 16.c4 Na5 17.Bc2 Qc6 18.Ne5 Qc7 19.g4 Nxc4 20.Nxc4 dxc4 21.g5 Nd5 22.
Qh5 g6 23.Bxg6 Be8 24.Bxe8 Nxe3 25.Rf3 Qxc5 26.Bg6 Nf5+ 27.Kg2 hxg6 28.
Qxg6+ Ng7 29.Qh6 Rad8 30.Raf1 Rd2+ 31.Kh1 Qd5 32.Kg1 Rxf4 33.g6 Rg4+ 34.
Kh1 Qxf3+ 0-1

[Event "34th Rilton Cup"]
[Site "Stockholm SWE"]
[Date "2005.01.02"]
[Round "6.9"]
[White "Paterek, Michal"]
[Black "Palo, Davor"]
[Result "0-1"]
[WhiteElo "2269"]
[BlackElo "2526"]
[EventDate "2004.12.27"]
[PlyCount "120"]

1.g3 d5 2.Bg2 e5 3.d3 Nf6 4.Nf3 Nc6 5.O-O Be7 6.a3 O-O 7.b4 e4 8.Ng5 h6 9.
dxe4 hxg5 10.exd5 Ne5 11.Bxg5 Nxd5 12.Bxd5 Bxg5 13.f4 c6 14.Bg2 Qb6+ 15.
Kh1 Ng4 16.fxg5 Ne3 17.Qc1 Nxf1 18.Bxf1 Bf5 19.Qf4 Bxc2 20.Nd2 Rad8 21.Rc1
Bg6 22.Rc5 Rd5 23.Rxd5 cxd5 24.Qe5 Rc8 25.Kg2 Qe6 26.Qd4 Be4+ 27.Kf2 Qf5+ 
28.Nf3 Rc2 29.Bg2 b6 30.h4 g6 31.Ke3 Rc4 32.Qd2 d4+ 33.Kf2 Qd5 34.Qf4 Rc3 
35.Ne5 Bxg2 36.Ng4 Rc6 37.Nh6+ Kf8 38.Qb8+ Ke7 39.Ng8+ Kd7 40.Qxa7+ Rc7 
41.Nf6+ Kc8 42.Nxd5 Rxa7 43.Kxg2 Kb7 44.Nf4 Rxa3 45.Nd3 Kc6 46.g4 Kd5 47.
Kf3 Ra8 48.h5 Re8 49.Nf4+ Kc4 50.hxg6 fxg6 51.Nxg6 Kxb4 52.Nf4 b5 53.Nd3+ 
Kc3 54.g6 b4 55.g5 b3 56.Kf4 Rxe2 57.g7 Re8 58.Nc5 b2 59.Na4+ Kb3 60.Nc5+ 
Kc2 0-1

[Event "34th Rilton Cup"]
[Site "Stockholm SWE"]
[Date "2005.01.02"]
[Round "6.10"]
[White "Cramling, Pia"]
[Black "Hedman, Erik"]
[Result "1-0"]
[WhiteElo "2477"]
[BlackElo "2320"]
[EventDate "2004.12.27"]
[PlyCount "31"]

1.d4 d5 2.Nf3 e6 3.c4 Nf6 4.Nc3 Be7 5.Bg5 Nbd7 6.e3 h6 7.Bf4 O-O 8.Be2 c6 
9.O-O dxc4 10.Bxc4 b5 11.Be2 Bb7 12.Nd2 b4 13.Nce4 c5 14.Nd6 Bd5 15.e4 Qc7
16.Nf5 1-0

[Event "34th Rilton Cup"]
[Site "Stockholm SWE"]
[Date "2005.01.02"]
[Round "6.11"]
[White "Marttala, Thomas"]
[Black "Poley, Vladimir"]
[Result "1/2-1/2"]
[WhiteElo "2245"]
[BlackElo "2402"]
[EventDate "2004.12.27"]
[PlyCount "114"]

1.e4 g6 2.d4 Bg7 3.Nf3 c6 4.h3 d5 5.Nbd2 Nh6 6.Bd3 f6 7.c4 e6 8.O-O O-O 9.
b3 Na6 10.Bb2 Nf7 11.Re1 Nc7 12.Qc2 Bd7 13.a4 a5 14.Rac1 Re8 15.h4 Na6 16.
Bc3 Rc8 17.h5 dxe4 18.Nxe4 f5 19.hxg6 hxg6 20.Ng3 c5 21.Bf1 cxd4 22.Nxd4 
Nc5 23.Rcd1 e5 24.Nb5 Qb6 25.Qb2 Bc6 26.Nd6 Nxd6 27.Rxd6 Qxb3 28.Rxg6 Qxb2
29.Bxb2 Kf7 30.Rxg7+ Kxg7 31.Nxf5+ Kg6 32.Nd6 e4 33.Nxc8 Rxc8 34.Bc3 b6 
35.Rb1 Nxa4 36.Bd4 Rb8 37.Be2 Rb7 38.Rb3 Nc5 39.Rg3+ Kf7 40.Rg7+ Kf8 41.
Rg6 Rc7 42.Be5 Rc8 43.Rh6 Re8 44.Bd4 Ne6 45.Bxb6 Kg7 46.Rh3 a4 47.Ba5 Nf4 
48.Bc3+ Kf7 49.Rh7+ Kg6 50.Rg7+ Kh6 51.Kf1 Rb8 52.Ke1 a3 53.Ra7 Nxg2+ 54.
Kd2 Rd8+ 55.Kc1 Ra8 56.Rxa8 Bxa8 57.Bb4 Nf4 1/2-1/2

[Event "34th Rilton Cup"]
[Site "Stockholm SWE"]
[Date "2005.01.02"]
[Round "6.13"]
[White "Nouro, Mikael"]
[Black "Adler, Bo"]
[Result "1-0"]
[WhiteElo "2361"]
[BlackElo "2192"]
[EventDate "2004.12.27"]
[PlyCount "81"]

1.e4 e5 2.Nf3 Nc6 3.Bb5 a6 4.Ba4 d6 5.d4 Bd7 6.c3 Nf6 7.O-O Be7 8.Nbd2 O-O
9.Re1 h6 10.h3 Re8 11.Nf1 Bf8 12.Ng3 g6 13.Bc2 Bg7 14.Be3 Qe7 15.Qd2 Kh7 
16.Rad1 Rad8 17.Qc1 Bc8 18.a3 Qf8 19.b4 d5 20.Nxe5 Nxe5 21.dxe5 Nxe4 22.
Bxe4 dxe4 23.Rxd8 Rxd8 24.Bd4 b6 25.Nxe4 Bb7 26.Qf4 Re8 27.Nf6+ Bxf6 28.
Qxf6 Qe7 29.Qf4 Qe6 30.Re3 Re7 31.Rg3 c5 32.bxc5 bxc5 33.Bxc5 Qxe5 34.Qb4 
Rd7 35.Bd4 Qd6 36.Qa5 Qd5 37.Qb6 Qc6 38.Qb2 Rd5 39.Qe2 Rd8 40.Qe5 f6 41.
Qe7+ 1-0

[Event "34th Rilton Cup"]
[Site "Stockholm SWE"]
[Date "2005.01.02"]
[Round "6.15"]
[White "Furhoff, Johan"]
[Black "Johansson, Viktoria"]
[Result "1-0"]
[WhiteElo "2338"]
[BlackElo "2189"]
[EventDate "2004.12.27"]
[PlyCount "91"]

1.e4 c5 2.Nf3 Nc6 3.d4 cxd4 4.Nxd4 g6 5.c4 Bg7 6.Be3 Nf6 7.Nc3 d6 8.Be2 
O-O 9.O-O Nxd4 10.Bxd4 Bd7 11.Qd2 Bc6 12.f3 a5 13.Rab1 Nd7 14.Be3 a4 15.
Rfc1 Nc5 16.b4 axb3 17.axb3 Ra3 18.Bd1 Ne6 19.b4 Re8 20.Bb3 Bd7 21.Nd5 b5 
22.c5 dxc5 23.bxc5 Bc6 24.Qb4 Ra6 25.Rd1 Qb8 26.Qd2 Ra3 27.Nb4 Qc8 28.Qc1 
Ra7 29.Bd5 Nd8 30.Nxc6 Nxc6 31.Rxb5 Ra1 32.Rb1 Ra6 33.Rb6 Nd4 34.Qc4 Rxb6 
35.Bxf7+ Kh8 36.cxb6 Qxc4 37.Bxc4 e5 38.b7 Rb8 39.Bd5 Bf8 40.Rxd4 exd4 41.
Bxd4+ Bg7 42.Ba7 Be5 43.f4 Rxb7 44.Bxb7 Bxf4 45.Bd4+ Kg8 46.Bd5+ 1-0

[Event "34th Rilton Cup"]
[Site "Stockholm SWE"]
[Date "2005.01.02"]
[Round "6.17"]
[White "Norberg, Erik"]
[Black "Lindberg, Bosse"]
[Result "0-1"]
[WhiteElo "2188"]
[BlackElo "2326"]
[EventDate "2004.12.27"]
[PlyCount "60"]

1.e4 Nc6 2.d4 e5 3.d5 Nce7 4.c4 Ng6 5.Nc3 Bc5 6.Nf3 Nf6 7.Be2 Bb4 8.Qc2 
Bxc3+ 9.bxc3 d6 10.O-O O-O 11.Ne1 Qe7 12.h3 Nf4 13.Bxf4 exf4 14.f3 Nd7 15.
Nd3 g5 16.Rfe1 a5 17.Bf1 Ne5 18.Qf2 b6 19.g4 Ng6 20.Qd4 f6 21.Rab1 Bd7 22.
Qf2 Kg7 23.h4 Nxh4 24.Nxf4 Nxf3+ 25.Qxf3 gxf4 26.Qxf4 Qe5 27.Qf3 Rg8 28.
Rb2 Bxg4 29.Rg2 Kf7 30.Qe3 Rg5 0-1

[Event "34th Rilton Cup"]
[Site "Stockholm SWE"]
[Date "2005.01.02"]
[Round "6.18"]
[White "Backelin, Rikard"]
[Black "Kafka, Graeme"]
[Result "1-0"]
[WhiteElo "2304"]
[BlackElo "2122"]
[EventDate "2004.12.27"]
[PlyCount "89"]

1.c4 e5 2.Nc3 Nc6 3.Nf3 Nf6 4.a3 g6 5.b4 d6 6.Bb2 Bg7 7.e3 O-O 8.d3 e4 9.
dxe4 Nxe4 10.Rc1 Bg4 11.Be2 Nxc3 12.Bxc3 Bxc3+ 13.Rxc3 Qf6 14.Qc1 Rad8 15.
h3 Bf5 16.O-O Be4 17.Nd2 Bf5 18.Bf3 Bc8 19.Bxc6 bxc6 20.e4 Rfe8 21.Re1 c5 
22.Rf3 Qe5 23.Rfe3 cxb4 24.axb4 a5 25.b5 Bb7 26.Qa3 Ra8 27.Qa4 Qg5 28.Qa2 
Qc5 29.Rc1 a4 30.Rcc3 Kg7 31.Ra3 f5 32.exf5 Qxf5 33.Nf1 Qg5 34.Qa1+ Kg8 
35.Rg3 Qf4 36.Ne3 Rf8 37.Qa2 Kg7 38.Ng4 Qc1+ 39.Kh2 h5 40.Ne3 Qe1 41.Qc2 
Rf6 42.Nf5+ Kh8 43.Rae3 Qf1 44.Qb2 Rf8 45.Re8 1-0

[Event "34th Rilton Cup"]
[Site "Stockholm SWE"]
[Date "2005.01.02"]
[Round "6.19"]
[White "Backman, Michael"]
[Black "Doggers, Peter"]
[Result "0-1"]
[WhiteElo "2106"]
[BlackElo "2292"]
[EventDate "2004.12.27"]
[PlyCount "70"]

1.Nf3 Nf6 2.b3 g6 3.Bb2 Bg7 4.g3 O-O 5.Bg2 d6 6.c4 e5 7.d4 Nbd7 8.O-O Re8 
9.Nc3 c6 10.e4 exd4 11.Nxd4 Nc5 12.Qc2 a5 13.Rad1 Qb6 14.Nde2 a4 15.Nc1 
axb3 16.axb3 Qc7 17.b4 Ne6 18.Nb3 Qb6 19.Rxd6 Qxb4 20.e5 Ng4 21.Ne4 Nxe5 
22.Bc3 Qxc4 23.Qb2 Qb5 24.Rb1 Nc4 25.Qc1 Nxd6 26.Nxd6 Qd3 27.Nxe8 Qxc3 28.
Qd1 Bf8 29.Nd2 Nc5 30.Ne4 Nxe4 31.Bxe4 Bh3 32.Nc7 Qe5 33.Nxa8 Qxe4 34.f3 
Qe3+ 35.Kh1 Qf2 0-1

[Event "34th Rilton Cup"]
[Site "Stockholm SWE"]
[Date "2005.01.02"]
[Round "6.22"]
[White "Couso, Luis"]
[Black "Agrest, Roman"]
[Result "1/2-1/2"]
[WhiteElo "2339"]
[BlackElo "2107"]
[EventDate "2004.12.27"]
[PlyCount "104"]

1.c4 e6 2.Nf3 f5 3.g3 Nf6 4.Bg2 Be7 5.O-O O-O 6.b3 c5 7.Bb2 Nc6 8.e3 Rb8 
9.d4 d5 10.cxd5 Nxd5 11.dxc5 Bxc5 12.a3 b6 13.b4 Be7 14.Nbd2 Ba6 15.Re1 
Bf6 16.Qb3 Bxb2 17.Qxb2 Bb7 18.Nc4 b5 19.Nce5 Qf6 20.Re2 Rbc8 21.Nd7 Qxb2 
22.Rxb2 Rfe8 23.Nc5 Ba8 24.Ng5 Nd8 25.Rd2 Nb6 26.Bxa8 Rxa8 27.Rd6 Nf7 28.
Nxf7 Kxf7 29.Rad1 Rac8 30.Kg2 Rc7 31.e4 g6 32.h4 Ree7 33.h5 Re8 34.Rh1 g5 
35.Re1 Ree7 36.Rd3 Nc4 37.exf5 exf5 38.Rxe7+ Rxe7 39.Rf3 Kf6 40.Rc3 g4 41.
a4 Nd6 42.axb5 Nxb5 43.Rd3 Kg5 44.Rd5 Nc3 45.Rd6 Ne4 46.Nxe4+ Rxe4 47.Ra6 
Rxb4 48.Rxa7 h6 49.Ra5 Rb3 50.Ra7 Kxh5 51.Rg7 Rb6 52.f4 Rb2+ 1/2-1/2

[Event "34th Rilton Cup"]
[Site "Stockholm SWE"]
[Date "2005.01.02"]
[Round "6.23"]
[White "Jiretorn, Eva"]
[Black "Nyysti, Sampsa"]
[Result "1/2-1/2"]
[WhiteElo "2145"]
[BlackElo "2368"]
[EventDate "2004.12.27"]
[PlyCount "33"]

1.d4 Nf6 2.c4 g6 3.Nc3 d5 4.Nf3 Bg7 5.Bf4 c5 6.dxc5 Qa5 7.cxd5 O-O 8.Qd2 
Na6 9.a3 Qxc5 10.e4 Bg4 11.Be2 Qb6 12.Be3 Qd8 13.O-O Nd7 14.Bd4 Bxf3 15.
Bxf3 e5 16.dxe6 fxe6 17.Bxg7 1/2-1/2

[Event "34th Rilton Cup"]
[Site "Stockholm SWE"]
[Date "2005.01.02"]
[Round "6.24"]
[White "Miloradovic, Jelena"]
[Black "Karlsson, Tomas"]
[Result "1-0"]
[WhiteElo "2133"]
[BlackElo "2267"]
[EventDate "2004.12.27"]
[PlyCount "105"]

1.Nf3 Nf6 2.c4 c5 3.Nc3 Nc6 4.d4 cxd4 5.Nxd4 g6 6.Nc2 Bg7 7.e4 O-O 8.Be2 
d6 9.O-O Be6 10.Bd2 Nd7 11.Rc1 f5 12.exf5 gxf5 13.Re1 Nf6 14.Ne3 Qd7 15.
Ned5 Bf7 16.Nxf6+ Bxf6 17.Bh6 Rfe8 18.Bh5 Bxh5 19.Qxh5 e6 20.Re3 Ne5 21.
Bg5 Qf7 22.Qxf7+ Kxf7 23.Bxf6 Kxf6 24.Nb5 Red8 25.Rce1 a6 26.Nd4 Kf7 27.b3
f4 28.Re4 Nd3 29.Nxe6 Nxe1 30.Nxd8+ Rxd8 31.Rxe1 d5 32.Rd1 d4 33.Kf1 Kf6 
34.Ke2 Kf5 35.Kd3 f3 36.gxf3 Kf4 37.Re1 Rd7 38.Re4+ Kxf3 39.Rxd4 Re7 40.
Rd6 h5 41.Kd4 h4 42.Kc5 Kg2 43.Kb6 Rg7 44.f4 Kxh2 45.f5 Rf7 46.Rg6 Rxf5 
47.Kxb7 h3 48.Kxa6 Kh1 49.b4 h2 50.Rh6 Rg5 51.Rxh2+ Kxh2 52.c5 Kg3 53.c6 
1-0

[Event "34th Rilton Cup"]
[Site "Stockholm SWE"]
[Date "2005.01.02"]
[Round "6.25"]
[White "Lundvik, Jonas"]
[Black "Elfstroem, Joergen"]
[Result "1-0"]
[WhiteElo "2248"]
[BlackElo "2131"]
[EventDate "2004.12.27"]
[PlyCount "93"]

1.d4 Nf6 2.Nf3 e6 3.g3 c5 4.Bg2 Nc6 5.O-O Qb6 6.dxc5 Bxc5 7.Nc3 Qa6 8.e4 
O-O 9.h3 Bb4 10.Qd3 Qxd3 11.cxd3 d5 12.e5 Nd7 13.d4 f6 14.exf6 gxf6 15.Bh6
Bxc3 16.bxc3 Re8 17.Rfe1 Nb6 18.Nd2 Na5 19.Nb3 Nbc4 20.Bxd5 Nd6 21.Bg2 
Nac4 22.Nc5 Rb8 23.Bf4 e5 24.dxe5 fxe5 25.Bh6 Kf7 26.Rad1 b6 27.Ne4 Nxe4 
28.Rxe4 Be6 29.f4 Rbd8 30.Rde1 Kg6 31.Bg5 Rd3 32.g4 Rxc3 33.R4e2 Rc8 34.
Be4+ Kg7 35.f5 Bf7 36.Kg2 Nd6 37.Bb1 Bd5+ 38.Kh2 e4 39.Bf4 Nf7 40.Bxe4 
Bxe4 41.Rxe4 Ra3 42.R1e2 Rcc3 43.Be3 Rd3 44.Kg2 Nd6 45.Re7+ Kf6 46.Bf4 Nf7
47.R2e6+ 1-0

[Event "34th Rilton Cup"]
[Site "Stockholm SWE"]
[Date "2005.01.02"]
[Round "6.27"]
[White "Ullen, Jan"]
[Black "Norberg, Johan"]
[Result "0-1"]
[WhiteElo "2128"]
[BlackElo "2195"]
[EventDate "2004.12.27"]
[PlyCount "84"]

1.e4 g6 2.h4 h5 3.Nf3 Bg7 4.d4 d6 5.Be2 Bg4 6.Ng5 Bxe2 7.Qxe2 e6 8.Be3 Nd7
9.Nd2 Ngf6 10.f3 a6 11.a4 Qe7 12.Qc4 c6 13.a5 O-O 14.Qd3 Rac8 15.b4 Nh7 
16.Rb1 f5 17.Nxh7 Kxh7 18.Bg5 Bf6 19.Qe3 e5 20.exf5 gxf5 21.Kf2 Rce8 22.
Rbe1 Qf7 23.Bxf6 Nxf6 24.dxe5 dxe5 25.Qb3 Qg6 26.Re2 e4 27.Rhe1 Rg8 28.Kf1
e3 29.Nc4 Nd5 30.c3 Nf4 31.Qc2 Nxe2 32.Rxe2 f4 33.Nd6 Qxc2 34.Rxc2 Rd8 35.
Ne4 Kg6 36.g4 Rd1+ 37.Ke2 Rh1 38.gxh5+ Kh6 39.Kd3 Rd8+ 40.Kc4 Rf1 41.Rg2 
Rxf3 42.Rg5 e2 0-1

[Event "34th Rilton Cup"]
[Site "Stockholm SWE"]
[Date "2005.01.02"]
[Round "6.28"]
[White "Azizi, Haroon"]
[Black "Lappalainen, Tommy"]
[Result "1-0"]
[WhiteElo "2124"]
[BlackElo "2188"]
[EventDate "2004.12.27"]
[PlyCount "93"]

1.Nf3 g6 2.g3 Bg7 3.Bg2 d6 4.e4 e5 5.O-O Nf6 6.Re1 O-O 7.c3 Nc6 8.d3 h6 9.
Nbd2 Kh7 10.Nf1 Nd7 11.d4 f5 12.exf5 gxf5 13.dxe5 dxe5 14.Nh4 Nb6 15.Qc2 
Nc4 16.b3 Nd6 17.Ne3 Be6 18.Ba3 Qg5 19.Rad1 e4 20.Nd5 Bxd5 21.Rxd5 Ne7 22.
Bxd6 Nxd5 23.Bxf8 Rxf8 24.Nxf5 Rxf5 25.Bxe4 Ne7 26.Bd3 Kg8 27.Rxe7 Qxe7 
28.Bxf5 Qe1+ 29.Kg2 Qxc3 30.Qe4 Qe5 31.Qxe5 Bxe5 32.f4 Bf6 33.Kf3 a5 34.
Kg4 Bd4 35.Be4 b6 36.Kf3 Kf7 37.g4 Bg1 38.h4 Bh2 39.g5 hxg5 40.hxg5 Bg1 
41.Bd5+ Kg7 42.f5 Bd4 43.Kf4 Bc3 44.f6+ Kg6 45.Be4+ Kf7 46.Kf5 Bd4 47.g6+ 
1-0

[Event "34th Rilton Cup"]
[Site "Stockholm SWE"]
[Date "2005.01.02"]
[Round "6.29"]
[White "Haapasalo, Jukka-Pekka"]
[Black "Heden, Gustav"]
[Result "1-0"]
[WhiteElo "2182"]
[BlackElo "2116"]
[EventDate "2004.12.27"]
[PlyCount "93"]

1.Nf3 c5 2.b3 Nc6 3.e3 d6 4.d4 cxd4 5.exd4 Nf6 6.c4 Bg4 7.Be2 e5 8.d5 Bxf3
9.Bxf3 Nd4 10.Be3 Nxf3+ 11.Qxf3 Be7 12.O-O O-O 13.Nd2 Nd7 14.Qe2 Qc7 15.
Kh1 Rae8 16.Rae1 f5 17.f3 Bh4 18.Rc1 a5 19.a3 Rc8 20.Nb1 f4 21.Bg1 b5 22.
Nc3 bxc4 23.Nb5 Qb8 24.bxc4 Be7 25.Rb1 Qa8 26.Na7 Rc7 27.Nc6 Nb8 28.Nxe7+ 
Rxe7 29.Rb6 Rd7 30.Qb2 Rc8 31.Qb5 Rdd8 32.Rb1 h6 33.Rb7 Kh7 34.Ra7 Nd7 35.
Rxa8 Rxa8 36.c5 dxc5 37.Bxc5 e4 38.Bd6 Nf6 39.Bxf4 Rxd5 40.Qe2 Re8 41.h3 
Rf5 42.Rb8 exf3 43.Qc2 Re1+ 44.Kh2 Ne4 45.gxf3 Rxf4 46.fxe4 Rfxe4 47.Re8 
1-0

[Event "34th Rilton Cup"]
[Site "Stockholm SWE"]
[Date "2005.01.02"]
[Round "6.30"]
[White "Aadahl, Mattias"]
[Black "McGowan, Daniel"]
[Result "0-1"]
[WhiteElo "2164"]
[BlackElo "2098"]
[EventDate "2004.12.27"]
[PlyCount "62"]

1.d4 e6 2.c4 d5 3.Nc3 Be7 4.Nf3 Nf6 5.Bg5 h6 6.Bxf6 Bxf6 7.e3 b6 8.Bd3 Bb7
9.cxd5 exd5 10.Rc1 O-O 11.Bb1 Nd7 12.Qd3 g6 13.h4 h5 14.g4 hxg4 15.h5 gxf3
16.hxg6 Bg7 17.Qf5 Nf6 18.Qh3 c5 19.Kd2 cxd4 20.exd4 Qd6 21.Qh4 fxg6 22.
Bxg6 Rfc8 23.Rcg1 Rc7 24.Bf5 Kf8 25.Rg6 Qe7 26.Qf4 Re8 27.Bd3 Qf7 28.Qd6+ 
Rce7 29.Qg3 Ne4+ 30.Nxe4 dxe4 31.Bc4 Qxc4 0-1

[Event "34th Rilton Cup"]
[Site "Stockholm SWE"]
[Date "2005.01.02"]
[Round "6.32"]
[White "Tetenkina, Irina"]
[Black "Jensen, Leif Haugaard"]
[Result "1-0"]
[WhiteElo "2255"]
[BlackElo "2067"]
[EventDate "2004.12.27"]
[PlyCount "69"]

1.Nf3 d5 2.d4 c6 3.e3 Bf5 4.Nbd2 e6 5.Be2 Nf6 6.O-O Nbd7 7.b3 Bd6 8.Bb2 
O-O 9.Ne5 Qc7 10.f4 Ne4 11.Ndf3 f6 12.Nd3 Bg4 13.Qe1 Rae8 14.Qh4 f5 15.
Nde5 Be7 16.Qe1 Nxe5 17.dxe5 Bc5 18.Bd4 Bb6 19.c4 Ba5 20.b4 c5 21.Bxc5 
Nxc5 22.bxa5 dxc4 23.Bxc4 Bxf3 24.Rxf3 Re7 25.Rc1 Kh8 26.Rf2 Qd8 27.Qb4 
Ne4 28.Rfc2 Rd7 29.h3 Re8 30.Kh2 a6 31.Bxe6 Qh4 32.Bxd7 Qg3+ 33.Kh1 Qxe3 
34.Bxe8 Nf2+ 35.Kh2 1-0

[Event "34th Rilton Cup"]
[Site "Stockholm SWE"]
[Date "2005.01.02"]
[Round "6.34"]
[White "Edlund, Robin"]
[Black "Janse, Love"]
[Result "1-0"]
[WhiteElo "2206"]
[BlackElo "2100"]
[EventDate "2004.12.27"]
[PlyCount "35"]

1.e4 g6 2.d4 d6 3.Nc3 c6 4.Nf3 Bg7 5.Be3 Bg4 6.h3 Bxf3 7.Qxf3 e5 8.O-O-O 
Nd7 9.dxe5 dxe5 10.Bc4 Ngf6 11.g4 b5 12.Bb3 Qe7 13.g5 Nh5 14.Bxf7+ Qxf7 
15.Qxf7+ Kxf7 16.Rxd7+ Ke6 17.Rhd1 Bf8 18.Rc7 1-0

[Event "34th Rilton Cup"]
[Site "Stockholm SWE"]
[Date "2005.01.02"]
[Round "6.35"]
[White "Isaksson, Per"]
[Black "Hagberg, Martin"]
[Result "1/2-1/2"]
[WhiteElo "2072"]
[BlackElo "2203"]
[EventDate "2004.12.27"]
[PlyCount "29"]

1.d4 Nf6 2.c4 e6 3.Nc3 Bb4 4.Qc2 c5 5.dxc5 Na6 6.a3 Bxc3+ 7.Qxc3 Nxc5 8.b4
Nce4 9.Qb2 O-O 10.f3 Nd6 11.e4 Nfxe4 12.fxe4 Qh4+ 13.Qf2 Qxe4+ 14.Qe2 Qg6 
15.Nf3 1/2-1/2

[Event "34th Rilton Cup"]
[Site "Stockholm SWE"]
[Date "2005.01.02"]
[Round "6.38"]
[White "Forsberg, Viktor"]
[Black "Aasberg, Anders"]
[Result "1-0"]
[WhiteElo "2137"]
[BlackElo "1954"]
[EventDate "2004.12.27"]
[PlyCount "109"]

1.e4 c5 2.Nf3 Nc6 3.d4 cxd4 4.Nxd4 g6 5.c4 Bg7 6.Nc2 d6 7.Be2 Nf6 8.Nc3 
O-O 9.O-O Bd7 10.Be3 Rc8 11.Qd2 b6 12.f3 Na5 13.b3 Ne8 14.Rac1 Nb7 15.Nd4 
a5 16.Rfd1 Nc5 17.Bf1 Nc7 18.Rb1 N7e6 19.Ndb5 Nc7 20.Nxc7 Rxc7 21.Nd5 Rc8 
22.a3 Bc6 23.Nc3 Ra8 24.Nd5 Re8 25.Qf2 Rb8 26.Kh1 Rb7 27.b4 Na4 28.Rbc1 
Bb2 29.Bd4 Bxa3 30.Rb1 Bxd5 31.cxd5 Bxb4 32.Bb5 Nc5 33.Bxe8 Qxe8 34.Ba1 f6
35.Qe2 b5 36.f4 Na4 37.Rbc1 Ba3 38.Rc6 Nc5 39.e5 fxe5 40.fxe5 Rb8 41.exd6 
exd6 42.Qxe8+ Rxe8 43.Rc7 Re2 44.Bd4 Nb3 45.Rc8+ Kf7 46.Rf1+ Ke7 47.Rc7+ 
Ke8 48.Bg7 Kd8 49.Ra7 Re8 50.Ra8+ Kc7 51.Rxe8 a4 52.Rf7+ Kb6 53.Rc8 Bc5 
54.Bc3 b4 55.Rb8+ 1-0

[Event "34th Rilton Cup"]
[Site "Stockholm SWE"]
[Date "2005.01.02"]
[Round "6.40"]
[White "Todorovic, Zoran"]
[Black "Ozga, Magdalena"]
[Result "0-1"]
[WhiteElo "2134"]
[BlackElo "1911"]
[EventDate "2004.12.27"]
[PlyCount "86"]

1.e4 e6 2.d4 d5 3.Nc3 Bb4 4.e5 c5 5.a3 Bxc3+ 6.bxc3 Qc7 7.Bd2 Ne7 8.Bd3 
Bd7 9.f4 c4 10.Be2 Ba4 11.Nf3 Nbc6 12.Be3 Nf5 13.Bf2 O-O-O 14.g4 Nfe7 15.
Kd2 f6 16.Bg3 fxe5 17.fxe5 h5 18.Ng5 Qa5 19.Nxe6 Rh6 20.Nxd8 Nxd4 21.Nf7 
Nb5 22.Ra2 Nxc3 23.Qa1 Ne4+ 24.Ke3 Qd2+ 25.Kf3 hxg4+ 26.Kg2 Qxe2+ 27.Kg1 
Nd2 28.Bf2 g3 29.Nd6+ Rxd6 30.hxg3 Rg6 31.Rh8+ Kc7 32.Rf8 Rh6 33.c3 Nf3+ 
34.Rxf3 Qxf3 35.Bb6+ axb6 36.Rg2 Qe3+ 37.Rf2 Qxg3+ 38.Rg2 Qe3+ 39.Rf2 Rg6+
40.Kf1 Qd3+ 41.Re2 Qh3+ 42.Kf2 Rg2+ 43.Kf1 Qh1# 0-1

[Event "34th Rilton Cup"]
[Site "Stockholm SWE"]
[Date "2005.01.02"]
[Round "6.41"]
[White "Janse, Rasmus"]
[Black "Hammar, Ulf"]
[Result "0-1"]
[WhiteElo "1999"]
[BlackElo "2119"]
[EventDate "2004.12.27"]
[PlyCount "80"]

1.d4 d5 2.c4 c6 3.Nf3 Nf6 4.Nc3 dxc4 5.a4 Bf5 6.e3 e6 7.Bxc4 Bb4 8.O-O O-O
9.Nh4 Bg4 10.f3 Bh5 11.g4 Nd5 12.Qe1 Be7 13.Ng2 Bg6 14.Qf2 Nd7 15.e4 Nb4 
16.Rd1 Qc7 17.h4 h6 18.Nf4 Bh7 19.Bxe6 fxe6 20.Nxe6 Qd6 21.Nxf8 Rxf8 22.f4
Qg6 23.Qe2 Bxh4 24.f5 Qf7 25.e5 Nb6 26.e6 Qc7 27.Ne4 N6d5 28.Qh2 Bd8 29.
Nd6 Be7 30.Nf7 Qxh2+ 31.Kxh2 Nf6 32.Kg3 h5 33.g5 Ne4+ 34.Kf4 Nxg5 35.f6 
Nxe6+ 36.Ke5 Bxf6+ 37.Kxe6 Re8+ 38.Kd7 Kxf7 39.Rf1 Nd5 40.Bg5 Rd8# 0-1

[Event "34th Rilton Cup"]
[Site "Stockholm SWE"]
[Date "2005.01.02"]
[Round "6.43"]
[White "Dalmau, Anneli"]
[Black "Nyland, Thomas"]
[Result "1/2-1/2"]
[WhiteElo "2087"]
[BlackElo "2008"]
[EventDate "2004.12.27"]
[PlyCount "116"]

1.e4 e5 2.Nf3 Nc6 3.Nc3 Nf6 4.Bb5 Bc5 5.Nxe5 Nxe5 6.d4 Bb4 7.dxe5 Nxe4 8.
Qg4 Nxc3 9.Qxb4 Nxb5 10.Qxb5 O-O 11.Be3 d5 12.O-O c6 13.Qd3 Qd7 14.c4 dxc4
15.Qxc4 Qd5 16.Qxd5 cxd5 17.Rac1 Bd7 18.Rc5 Bc6 19.Bd4 a6 20.Rc3 Rfe8 21.
f4 g6 22.f5 Bd7 23.fxg6 hxg6 24.Rc7 Be6 25.Rxb7 Reb8 26.Rxb8+ Rxb8 27.a3 
Rc8 28.h4 Rc2 29.Rf3 Rd2 30.Bc3 Rd1+ 31.Kf2 d4 32.Be1 Bd5 33.Rf4 Bxg2 34.
Ke2 Rb1 35.Rxd4 Rxb2+ 36.Bd2 Ra2 37.a4 Bc6 38.a5 Kf8 39.Kd3 Ra3+ 40.Kc4 
Ra4+ 41.Bb4+ Kg7 42.Rd8 Kh6 43.Rh8+ Kg7 44.Rc8 Bd7 45.Ra8 Bb5+ 46.Kb3 Kh6 
47.Be7 Kh5 48.Rxa6 Bxa6 49.Kxa4 Kg4 50.Kb4 Kf5 51.Bf6 Ke6 52.Kc5 Kd7 53.
Kb6 Be2 54.Kb7 Bf3+ 55.Kb8 Be2 56.Kb7 Bf3+ 57.Kb6 Kc8 58.Be7 Kb8 1/2-1/2

[Event "34th Rilton Cup"]
[Site "Stockholm SWE"]
[Date "2005.01.02"]
[Round "6.45"]
[White "Toecklin, Tomi"]
[Black "Cleanthous, Demetris"]
[Result "1/2-1/2"]
[WhiteElo "1969"]
[BlackElo "2051"]
[EventDate "2004.12.27"]
[PlyCount "130"]

1.e4 c5 2.Nf3 e6 3.c3 Qa5 4.Be2 Nc6 5.O-O Be7 6.d4 d5 7.exd5 exd5 8.dxc5 
Qxc5 9.Be3 Qd6 10.Na3 a6 11.Nc2 Nf6 12.Bg5 O-O 13.Ncd4 Rd8 14.Qd3 Ne4 15.
Bxe7 Nxe7 16.Nd2 Nc5 17.Qc2 g6 18.N2b3 Ne4 19.Bd3 Nc5 20.Nxc5 Qxc5 21.Rfe1
Nc6 22.Nb3 Qd6 23.Rad1 Bg4 24.Be2 Bf5 25.Qd2 Qf8 26.Nd4 Nxd4 27.Qxd4 Be6 
28.Bf3 Qg7 29.Qxg7+ Kxg7 30.Rd4 b5 31.Red1 Rac8 32.Bxd5 Bxd5 33.Rxd5 Rxd5 
34.Rxd5 b4 35.Rd3 a5 36.Kf1 bxc3 37.Rxc3 Rb8 38.b3 a4 39.Ke2 Kf6 40.Kd3 
Rd8+ 41.Kc2 axb3+ 42.axb3 Ra8 43.Rf3+ Ke6 44.b4 f5 45.Rb3 Kd5 46.Rb2 Kc4 
47.b5 Rb8 48.b6 Rb7 49.Kd2 Kd4 50.Ke2 Kc5 51.Rc2+ Kd4 52.Rb2 Kc5 53.Ke3 g5
54.f4 h6 55.g3 Re7+ 56.Kf3 g4+ 57.Kf2 Kc6 58.b7 Rxb7 59.Rxb7 Kxb7 60.Ke3 
Kc6 61.Kd4 Kd6 62.Kc4 Kc6 63.Kd4 Kd6 64.Kc4 Kc6 65.Kd4 Kd6 1/2-1/2